LEADER 01845oam 2200445I 450 001 9910705096103321 005 20151123093022.0 035 $a(CKB)5470000002446790 035 $a(OCoLC)921308346 035 $a(EXLCZ)995470000002446790 100 $a20150917d2013 ua 0 101 0 $aeng 135 $aurmn||||||||| 181 $ctxt$2rdacontent 182 $cc$2rdamedia 183 $acr$2rdacarrier 200 10$aOccupant-in-place energy efficiency retrofit in a group home for 30% energy savings in climate zone 4$fprepared by Mike Moore 210 1$aGolden, CO :$cU.S. Department of Energy, Energy Efficiency & Renewable Energy, Building Technologies Office,$d[2013] 215 $a1 online resource (ix, 39 pages) $cillustrations 300 $aTitle from title screen (viewed on Sept. 14, 2015). 300 $a"August 2013." 300 $a"Prepared for the National Renewable Energy Laboratory on behalf of the U.S. Department of Energy's Building America Program, Office of Energy Efficiency and Renewable Energy." 300 $a"DOE/GO-102013-3953." 320 $aIncludes bibliographical references (page 32). 606 $aGroup homes$xRemodeling 606 $aHousing rehabilitation$xEnergy conservation 615 0$aGroup homes$xRemodeling. 615 0$aHousing rehabilitation$xEnergy conservation. 700 $aMoore$b Mike$0499512 712 02$aUnited States.$bDepartment of Energy.$bOffice of Building Technologies, 712 02$aNational Renewable Energy Laboratory (U.S.), 712 02$aBuilding America (Program : U.S.), 801 0$bGPO 801 1$bGPO 801 2$bLLB 801 2$bGPO 906 $aBOOK 912 $a9910705096103321 996 $aOccupant-in-place energy efficiency retrofit in a group home for 30% energy savings in climate zone 4$93469549 997 $aUNINA LEADER 02029oam 2200589 450 001 9910712034203321 005 20190409075307.0 035 $a(CKB)5470000002489762 035 $a(OCoLC)961333402 035 $a(EXLCZ)995470000002489762 100 $a20161028d1960 ua 0 101 0 $aeng 135 $aur||||||||||| 181 $ctxt$2rdacontent 182 $cc$2rdamedia 183 $acr$2rdacarrier 200 10$aSurface water supply of the United States, 1959$hPart 12$iPacific Slope Basins in Washington and Upper Columbia River Basin /$fprepared under the direction of J.V.B. Wells 210 1$a[Washington, D.C.] :$cUnited States Department of the Interior, Geological Survey,$d1960. 210 2$aWashington :$cGovernment Printing Office. 215 $a1 online resource (x, 402 pages) $cillustrations, maps 225 1 $aGeological Survey water-supply paper ;$v1636 300 $a"Prepared in cooperation with the States of Idaho, Montana, and Washington, and with other agencies." 300 $aIncludes index. 606 $aWater quality$zColumbia River Watershed 606 $aWater quality$zWashington (State) 606 $aWater-supply$zColumbia River Watershed 606 $aWater-supply$zWashington (State) 606 $aWater quality$2fast 606 $aWater-supply$2fast 607 $aUnited States$zColumbia River Watershed$2fast 607 $aWashington (State)$2fast 615 0$aWater quality 615 0$aWater quality 615 0$aWater-supply 615 0$aWater-supply 615 7$aWater quality. 615 7$aWater-supply. 700 $aWells$b J. V. B.$01385991 712 02$aGeological Survey (U.S.), 712 02$aIdaho. 712 02$aMontana. 712 02$aWashington (State) 801 0$bCOP 801 1$bCOP 801 2$bOCLCO 801 2$bOCLCF 801 2$bOCLCA 801 2$bGPO 906 $aBOOK 912 $a9910712034203321 996 $aSurface water supply of the United States, 1959$93450070 997 $aUNINA